Представление документа в формате RUSMARC

ПолеНазваниеЗначение
  Тип записи a
  Библиографический уровень m
001 Контрольный номер RU/SLIB/B/208739996
005 Дата корректировки 20201206204052.7
010 Индекс ISBN __
d Цена 0-75
101 Язык документа __
a Язык текста rus
200 Заглавие и сведения об ответственности __
a Заглавие Магнитотеллурическая разведка в нефтеперспективных районах СССР
b Общее обозначение материала Текст
210 Выходные данные __
a Место издания М.
c Издательство Недра
d Дата издания 1983
215 Физическое описание __
a Объем 204 с.
606 Тематические рубрики __
a Основная рубрика Геология
y Географическая подрубрика СССР
610 Ключевые слова __
a Ключевые слова нефть; исследования; разведка
686 Индексы других классификаций __
a Классификационный индекс 26.343.1
700 Автор __
a Фамилия Обухов
b Имя Г.Г.
4 Код отношения 070
801 Источник записи _0
a Страна RU
b Организация Муниципальное бюджетное учреждение культуры "Централизованная библиотечная система" г. Сургут (Центральная городская библиотека им. А. С. Пушкина)
g Правила каталогизации КиК/Михайлова
801 Источник записи _1
a Страна RU
b Организация Муниципальное бюджетное учреждение культуры "Централизованная библиотечная система" г. Сургут (Центральная городская библиотека им. А. С. Пушкина)
g Правила каталогизации КиК/Михайлова
852 Данные о местонахождении __
j Шифр хранения 26.343.1
c Каталожный индекс 26.343.1
i Авторский знак О-26
p Инвентарный номер 20337
901 Тип документа __
t Тип документа m
990 Данные о заказе (DOS) __
j Количество экземпляров (DOS) 1